| 000 | 00984nam a2200229Ia 4500 | ||
|---|---|---|---|
| 008 | 0000001997 ag a 0000000000spa00 | ||
| 020 | _a9879622707 | ||
| 090 | _aPSP00 P27e | ||
| 100 | 1 | _aPerazzo, Nelly | |
| 245 | 1 | 0 |
_aEsteban Lisa 18951983 _c/ textos Nelly Perazzo, Mario H. Gradowczyk, Fermín Févre ; fotografías Caldarella & Banchero |
| 300 |
_a77 p. _c/ 30 cm. |
||
| 500 | _aExposición realizada en Fundación Esteban Lisa, Buenos Aires, 1997 \ Con el patronazgo del maestro venezolano Jesús Rafael Soto (q.e.p.d.) \ Donación Fundación Cisneros, Caracas, Venezuela, 2010 | ||
| 600 | 0 | 0 |
_aLISA, ESTEBAN, 18951983/ _xTRABAJOS PICTORICOS |
| 650 | 1 | 4 | _aARTE CONTEMPORANEO ESPAÑOL |
| 650 | 1 | 4 | _xCATALOGOS |
| 650 | 1 | 4 | _xEXPOSICIONES |
| 650 | 1 | 4 | _aPINTORES ESPAÑOLES |
| 650 | 1 | 4 | _aPINTURA ESPAÑOLA |
| 700 | 1 | _aGradowczyk, Mario H. \ Fèvre, Fermín | |
| 710 | _aCaldarella & Banchero | ||
| 999 |
_c2211 _d2211 |
||
| 260 |
_aBuenos Aires : Fundación Esteban Lisa _c1997 |
||